[Event "HUN-ch Rapid 2019"]
[Site "Ajka"]
[Date "2019.07.20"]
[Round "6.9"]
[White "Csiszar, Csaba"]
[Black "Mihok, Oliver"]
[Result "0-1"]
[WhiteElo "2432"]
[BlackElo "2550"]
[Annotator "TA"]
[PlyCount "146"]
[EventDate "2019.07.18"]
[EventType "swiss"]
[EventCountry "HUN"]
[SourceTitle "playchess.com"]
[Source "ChessBase"]
[SourceQuality "1"]

{[%evp 11,170,0,25,-10,26,45,29,35,33,27,22,16,106,91,128,129,122,128,127,123,145,114,109,92,92,99,93,92,99,90,94,68,104,87,92,91,95,80,84,0,0,0,98,98,92,89,107,100,114,104,115,114,114,114,118,121,126,94,118,118,124,108,130,128,133,136,134,129,141,122,133,125,126,123,127,110,125,92,102,0,0,-86,-60,-442,-85,-450,-128,-472,-368,-386,-366,-675,-647,-642,-612,-789,-782,-768,-775,-827,-841,-810,-797,-953,-954,-944,-887,-29993,-624,-617,-186,-572,-550,-508,-233,-325,-12,-153,0,-12,-12,-605,-162,-605,-598,-582,-164,-164,-164,-164,-164,-302,-292,-836,-812,-782,-781,-781,-774,-759,-164,-164,0,-745,-164,-196,-164,-164,-164,-164,-164,-164,-164,-164,-164,-164,-164,-164,-164,-29998,-29999]} 1. d4 Nf6 2. Nf3 g6 3. c4 Bg7 4. Nc3 O-O 5. Bf4 d6 6. e3 c5 7. d5 {E61: King's Indian: Early deviations for White, including Smyslov System} b5 8. cxb5 a6 9. a4 {White has an edge.} (9. Nd2 Nbd7 10. e4 Ne8 {1-0 (22) Carlsen,M (2832)-Ivanchuk,V (2738) Leuven 2017}) 9... Qa5 $146 ({Predecessor:} 9... Ne8 10. Be2 axb5 11. axb5 Rxa1 12. Qxa1 Nd7 13. O-O Bb7 14. e4 {1-0 (31) Sumets,A (2523)-Dorfman,J (2583) playchess.com INT 2006}) 10. Nd2 Bb7 11. e4 Nbd7 (11... Qb4 $11) 12. Ra3 $16 Qc7 13. Be2 axb5 14. Nxb5 Qd8 15. O-O Ba6 16. b3 Ne8 17. Re1 Nc7 18. Nxc7 $1 Qxc7 19. Nc4 Rfb8 20. Qc2 Nb6 21. Nd2 Qc8 {Hoping for ...Bxe2.} 22. h3 Bxe2 23. Rxe2 Qa6 24. Re1 Qa5 25. Rc1 (25. g3 $16) 25... Qb4 $11 26. Ra2 Nd7 (26... Nxd5 $11 {remains equal.} 27. Bxd6 exd6 28. exd5 Bh6) 27. Bg5 $16 Kf8 28. Qd3 h6 29. Be3 Ne5 30. Qc2 Kg8 31. f4 Nd7 32. Qd3 Nb6 33. Kh1 Kh7 34. Qe2 Nd7 35. Rac2 Nf6 36. Qd3 Nd7 37. Bf2 Rb7 38. Bh4 Nb6 39. Be1 {aiming for Nc4.} Nd7 40. Rc4 Qb6 41. Bg3 Qa6 {intending ...Nb6.} 42. Qf3 Kg8 43. Re1 Rab8 44. Rc2 c4 {[%cal Rc4b3]} 45. Rxc4 ({Better is} 45. Qe2 $16) 45... Rxb3 $1 $11 46. Re3 (46. Nxb3 $11 Qxc4 47. Na5 Qxa4 48. Nc6 {[%mdl 64] Double Attack}) 46... Rb2 47. Rc7 $2 {[%mdl 8192]} (47. Be1 $1 $15) 47... Qxa4 $2 (47... Rxd2 $19 {is more deadly.} 48. Rxd7 Rb1+ 49. Re1 Rxe1+ 50. Bxe1 Rd3) 48. Nc4 $2 {[%mdl 8192]} (48. Be1 $17) 48... R2b7 $2 (48... Qa1+ $19 {and Black stays clearly on top.} 49. Kh2 Rb1) 49. Rc6 $2 {[%mdl 8192]} (49. Rxb7 $17 Rxb7 50. Nd2) 49... Rb1+ $19 50. Kh2 Bd4 51. e5 $2 (51. Nd2 Bxe3 52. Nxb1) 51... Qa1 {[%csl Ga1][%cal Rb1h1]} 52. Bf2 Bxe3 53. Bxe3 Rh1+ 54. Kg3 dxe5 55. f5 Nf6 {Threatens to win with ...Qe1+.} 56. fxg6 fxg6 57. Rxf6 exf6 58. Qxf6 Qe1+ 59. Bf2 Qc3+ (59... Rb3+ $142 60. Qf3 Rxf3+ 61. Kxf3 Rf1 $1 {[%mdl 512]} 62. Nxe5 Rxf2+ 63. Kg3 Rf1+ 64. Kg4 Qe4+ $1 {[%mdl 576] Double Attack} 65. Kg3 Qf4#) 60. Ne3 Qc7 $2 (60... Rb7 61. Kh4 Kh7) 61. d6 $2 (61. Ng4 {was the crucial defense.}) 61... Qf7 62. Qxe5 Re8 (62... Rb3 $142 63. Qd4 Kh7) 63. Qd4 Qe6 $2 ({But not} 63... Rf8 64. Ng4 $19) (63... Qb3 $19 {White must now prevent ...Rd1!} 64. d7 Rd8) 64. Ng4 {[#]} (64. d7 $1 $11 Rd8 65. Ng4 Qb3+ 66. Be3) 64... Rd8 $2 (64... Qb3+ $1 $17 65. Be3 Rd1) 65. d7 h5 66. Ne5 $2 {[%mdl 8192] [#]} (66. Qb6 $11 Qxb6 67. Bxb6 hxg4 68. Bxd8) 66... Rb1 $2 (66... Rd1 $1 {[%mdl 512]} 67. Qe3 (67. Qxd1 Qxe5+) 67... Rf8) 67. Be3 $2 (67. Kh2) 67... Rb5 68. Bf4 Rxe5 $2 (68... Rd5 69. Qb2 Rf8) 69. Qxe5 Qxe5 70. Bxe5 Rxd7 {[%mdl 4096] Endgame KR-KB} 71. Kf4 (71. Kh4 {is the only way for White.}) 71... Kf7 72. g4 $2 (72. Kg3) 72... h4 73. Bc3 {[#]} Rd5 {Played: Rd7-d3} 0-1

[Event "HUN-ch Rapid 2019"]
[Site "Ajka"]
[Date "2019.07.20"]
[Round "6.10"]
[White "Hera, Imre Jr."]
[Black "Deak, Sandor"]
[Result "1-0"]
[WhiteElo "2610"]
[BlackElo "2279"]
[Annotator "TA"]
[PlyCount "149"]
[EventDate "2019.07.18"]
[EventType "swiss"]
[EventCountry "HUN"]
[SourceTitle "playchess.com"]
[Source "ChessBase"]
[SourceQuality "1"]

{[%evp 14,149,10,0,20,8,14,0,0,-5,37,36,32,30,60,72,118,114,98,109,103,112,185,173,179,192,152,171,177,163,216,224,190,144,146,109,124,98,106,59,80,-6,66,-73,259,259,207,151,149,131,158,0,0,-170,-172,-171,47,50,160,127,273,282,281,281,273,273,253,253,253,242,310,145,166,161,151,133,202,152,468,375,621,187,540,376,515,525,422,85,528,479,1271,1554,1492,1314,1355,1308,854,8,27,19,31,59,5081,131,135,164,5093,2114,29981,29982,29982,29983,29983,29984,29984,29985,29985,29986,29986,29987,29987,29988,29988,29989,29989,29978,29975,29979,29987,29984,29984,29984,29984,29985,29985,29983,29983,29984]} 1. Nf3 d5 2. g3 c6 3. Bg2 Nf6 4. O-O Bg4 5. c4 e6 6. cxd5 exd5 7. d3 Be7 8. h3 Bh5 {A11: English Opening: 1...c6} 9. Nc3 (9. Qc2 O-O 10. e4 Na6 11. a3 {0-1 (63) Maze,S (2582)-Meier,G (2654) Berlin 2015}) 9... O-O 10. Qc2 Re8 $146 {The position is equal.} ({Predecessor:} 10... Nbd7 11. e4 Bxf3 12. Bxf3 d4 13. Nb1 Ne5 14. Bg2 c5 15. a4 a6 16. Na3 Nc6 17. Bd2 Rb8 18. Rfe1 b5 19. Qb3 c4 20. dxc4 {1-0 (46) Velikov,P (2416)-Velcheva,M (2269) Golden Sands 2012}) 11. e4 dxe4 12. dxe4 Bb4 13. Nh4 Bxc3 14. bxc3 Bg6 15. Nxg6 hxg6 16. Rb1 b6 17. f4 Qc7 (17... Na6 $16) 18. e5 $18 Nd5 19. c4 Ne7 20. Ba3 Nd7 21. Bd6 Qc8 (21... Qb7 {was called for.} 22. g4 Rad8) 22. g4 $1 Qb7 23. Rbe1 Rad8 24. Qe4 Nc5 25. Qf3 Qa6 26. Qe2 Qa5 27. f5 (27. Rd1 $16 {Strongly threatening Bxe7.} Nb7 28. Qb2) 27... gxf5 (27... Nxf5 $11 28. gxf5 Rxd6 {[%mdl 64] Pin}) 28. gxf5 (28. Rd1 $1 $14 {keeps the upper hand.} Nb7 29. Qf2) 28... Nc8 $2 {[%mdl 8192]} (28... Nxf5 $17 {keeps the pressure on.} 29. Rxf5 Rxd6 {[%mdl 64] Pin}) 29. Bc7 $1 {[%cal Rc7d8]} Rd2 30. Qg4 Nd3 {[#]} 31. f6 $1 {[%csl Gf6][%cal Rg4g7][%mdl 512]} g6 32. Re3 $2 (32. Re2 $16 {Rxd2 is the strong threat.} Rxe2 33. Qxe2 Nxe5 34. Kh1) 32... Qc5 $11 33. Qg5 $2 (33. Qe4 $11) 33... Re2 $1 $19 34. Rff3 Ne1 $2 (34... Nxe5 $19 35. Bxe5 Nd6) 35. Kf1 $40 {[%mdl 128] White mounts an attack.} Nxf3 (35... Rxg2 $14 36. Qh6 Qf8 37. Qxf8+ Kxf8 38. Rxe1 Rd2) 36. Qh6 $1 $16 {[%csl Gf6][%cal Rh6g7] [#]} Re1+ $1 37. Rxe1 $18 {[%csl Gf6][%cal Rh6g7]} Qg1+ 38. Ke2 {[%csl Gf6][%cal Rh6g7]} Qxg2+ (38... Qxe1+ $2 39. Kxf3 Qc3+ 40. Kg4 $18) 39. Kd1 {[%csl Gf6][%cal Rh6g7]} Qd2+ 40. Qxd2 Nxd2 41. Kxd2 {[%mdl 4096] Endgame KRB-KRN} b5 42. cxb5 (42. c5 $1 $18) 42... cxb5 $16 43. Rb1 Nb6 44. Rxb5 Nd7 (44... g5 $16 {was necessary.} 45. Kd3 (45. Bxb6 axb6 46. Ke3 Kh7 $16) 45... Kh7) 45. Ra5 Re6 $2 (45... g5 $16 {is tougher.} 46. Kd3 (46. Rxa7 Nxe5 47. a4 Kh7 $16) 46... Kh7) 46. Kd3 a6 $2 (46... Re8 47. Kd4 (47. Rxa7 Nxe5+ 48. Bxe5 Rxe5 $16) 47... Ra8) 47. Kd4 $2 (47. Rd5) 47... g5 $2 (47... Rc6 {is more resistant.}) 48. Kd5 Kh7 49. Bd6 Kg6 {[#] Now ...Kf5 and Black clings on.} 50. Rxa6 $2 (50. Kc6 $1 $18 {[%cal Rc6d7] and the rest is easy.} Nxe5+ 51. Rxe5 Rxf6 52. Ra5) 50... Re8 $2 {[%mdl 8192]} (50... Nxe5 $16 51. Ra7 Nd3) 51. Ra7 Nb6+ (51... Nf8 $142 52. a4 Ne6) 52. Kc5 $18 Nc8 53. Rc7 Rh8 54. a4 Rxh3 55. Kd4 $2 ({Better is} 55. Kc6 $18) 55... Nxd6 56. exd6 {Hoping for d7.} Kxf6 $11 {KR-KR} 57. Kd5 {Threatens to win with Rc2.} Ra3 $2 {[%mdl 8192] [#]} (57... Rd3+ $14 58. Kc6 g4) 58. Rc4 $2 (58. Rc8 $1 $18 {is the precise move to win. And now d7 would win.} Rd3+ 59. Kc6 Rc3+ 60. Kb7 Rb3+ 61. Kc7 Rc3+ 62. Kd8) 58... Rd3+ $16 59. Kc6 {aiming for d7.} Ke5 $2 (59... Ke6) 60. d7 $18 f5 61. Kc7 {White mates.} g4 62. d8=Q Rxd8 63. Kxd8 {KR-KPP} g3 64. a5 g2 65. Rc1 f4 66. a6 f3 67. a7 f2 68. a8=Q f1=Q 69. Qa5+ Kf4 70. Qc7+ Ke4 71. Qc6+ Ke3 72. Rc3+ Kd2 73. Rc2+ Ke3 74. Rxg2 Qf8+ 75. Qe8+ {Accuracy: White = 41%, Black = 23%.} 1-0

[Event "HUN-ch Rapid 2019"]
[Site "Ajka"]
[Date "2019.07.20"]
[Round "6.11"]
[White "Prohaszka, Peter"]
[Black "Kiss, Pal"]
[Result "1-0"]
[WhiteElo "2598"]
[BlackElo "2278"]
[Annotator "ChessBase"]
[PlyCount "73"]
[EventDate "2019.07.18"]
[EventType "swiss"]
[EventCountry "HUN"]
[SourceTitle "playchess.com"]
[Source "ChessBase"]
[SourceQuality "1"]
[TimeControl "1200+5"]

1. d4 {[%emt 0:00:12]} d5 {[%emt 0:00:02]} 2. Nf3 {[%emt 0:00:01]} Nf6 {[%emt 0:00:02]} 3. g3 {[%emt 0:00:30]} c6 {[%emt 0:00:23]} 4. Bg2 {[%emt 0:00:05]} Bg4 {[%emt 0:00:10]} 5. c4 {[%emt 0:00:06]} e6 {[%emt 0:00:05]} 6. Qb3 {[%emt 0:00:25]} Qb6 {[%emt 0:00:12]} 7. O-O {[%emt 0:00:07]} Nbd7 {[%emt 0:00:07]} 8. Nc3 {[%emt 0:00:10]} Be7 {[%emt 0:00:08]} 9. c5 {[%emt 0:00:34]} Qa6 {[%emt 0:00:26]} 10. Re1 {[%emt 0:00:02]} b6 {[%emt 0:00:01]} 11. cxb6 {[%emt 0:00:24]} axb6 {[%emt 0:00:02]} 12. e4 {[%emt 0:01:03]} O-O {[%emt 0:01:27]} 13. Bf4 {[%emt 0:01:20]} dxe4 {[%emt 0:02:28]} 14. Nxe4 {[%emt 0:01:50]} Nd5 {[%emt 0:02:10]} 15. Bd6 {[%emt 0:02:52]} Bxd6 {[%emt 0:01:14]} 16. Nxd6 {[%emt 0:00:01]} Qa4 {[%emt 0:01:05]} 17. Qxa4 {[%emt 0:01:15]} Rxa4 {[%emt 0:00:02]} 18. Ne5 {[%emt 0:00:03]} Nxe5 {[%emt 0:00:11]} 19. dxe5 {[%emt 0:00:03]} Rfa8 {[%emt 0:03:03]} 20. a3 {[%emt 0:00:03]} b5 {[%emt 0:01:14]} 21. Rec1 {[%emt 0:01:49]} R4a6 {[%emt 0:01:41]} 22. h3 {[%emt 0:00:45]} Be2 {[%emt 0:00:39]} 23. Rc2 {[%emt 0:00:10]} Bd3 {[%emt 0:00:12]} 24. Rd2 {[%emt 0:00:04]} Bg6 {[%emt 0:00:46]} 25. Rc1 {[%emt 0:00:01]} h5 {[%emt 0:00:29]} 26. Rd4 {[%emt 0:00:34]} Rb8 {[%emt 0:00:32]} 27. Bf3 {[%emt 0:01:34]} b4 {[%emt 0:00:29]} 28. Bxd5 {[%emt 0:03:48]} bxa3 {[%emt 0:00:35]} 29. Be4 {[%emt 0:00:22]} axb2 {[%emt 0:00:13]} 30. Rb1 {[%emt 0:00:03]} c5 {[%emt 0:00:23]} 31. Rd2 {[%emt 0:00:11]} Ra1 {[%emt 0:00:49]} 32. Bxg6 {[%emt 0:00:25]} fxg6 {[%emt 0:00:05]} 33. Rdd1 {[%emt 0:00:02]} Ra4 {[%emt 0:00:09]} 34. Kf1 {[%emt 0:00:31]} c4 {[%emt 0:00:50]} 35. Ne4 {[%emt 0:00:01]} Ra3 {[%emt 0:00:15]} 36. Ke2 {[%emt 0:00:15]} c3 {[%emt 0:00:08]} 37. Kd3 {[%emt 0:00:18]} 1-0

[Event "HUN-ch Rapid 2019"]
[Site "Ajka"]
[Date "2019.07.20"]
[Round "6.12"]
[White "Nagy, Bence"]
[Black "Dankhazi, Andras"]
[Result "1-0"]
[WhiteElo "2352"]
[BlackElo "2277"]
[Annotator "NA"]
[PlyCount "91"]
[EventDate "2019.07.18"]
[EventType "swiss"]
[EventCountry "HUN"]
[SourceTitle "playchess.com"]
[Source "ChessBase"]
[SourceQuality "1"]
[TimeControl "1200+5"]

1. e4 {[%emt 0:00:01]} e5 {[%emt 0:00:02]} 2. Nf3 {[%emt 0:00:02]} Nf6 {[%emt 0:00:02]} 3. Nxe5 {[%emt 0:00:08]} d6 {[%emt 0:00:01]} 4. Nf3 {[%emt 0:00:04]} Nxe4 {[%emt 0:00:02]} 5. d4 {[%emt 0:00:04]} d5 {[%emt 0:00:01]} 6. Bd3 {[%emt 0:00:06]} Bd6 {[%emt 0:00:01]} 7. O-O {[%emt 0:00:15]} O-O {[%emt 0:00:02]} 8. c4 {[%emt 0:00:02]} c6 {[%emt 0:00:02]} 9. Nc3 {[%emt 0:00:06]} Nxc3 {[%emt 0:00:01]} 10. bxc3 {[%emt 0:00:03]} dxc4 {[%emt 0:00:01]} 11. Bxc4 {[%emt 0:00:03]} Bf5 {[%emt 0:00:01]} 12. Bg5 {[%emt 0:01:08]} Qa5 {[%emt 0:00:09]} 13. Bd3 {[%emt 0:01:14]} Bxd3 {[%emt 0:03:20]} 14. Qxd3 {[%emt 0:00:02]} Nd7 {[%emt 0:00:00]} 15. Bh4 {[%emt 0:01:49]} Rfe8 {[%emt 0:06:16]} 16. Bg3 {[%emt 0:00:33]} Qc7 {[%emt 0:00:34]} 17. Rab1 {[%emt 0:01:29]} b5 {[%emt 0:00:09]} 18. c4 {[%emt 0:01:26]} bxc4 {[%emt 0:00:27]} 19. Qxc4 {[%emt 0:00:08]} Nb6 {[%emt 0:02:33]} 20. Qc2 {[%emt 0:00:02]} Bxg3 {[%emt 0:00:16]} 21. hxg3 {[%emt 0:00:03]} f6 {[%emt 0:01:07]} 22. Rb5 {[%emt 0:00:25]} Rac8 {[%emt 0:00:37]} 23. Rc5 {[%emt 0:00:56]} Re6 {[%emt 0:01:14]} 24. Rc1 {[%emt 0:00:21]} Rd6 {[%emt 0:00:02]} 25. Qe4 {[%emt 0:02:37]} Qd7 {[%emt 0:00:46]} 26. Qe2 {[%emt 0:00:38]} Qb7 {[%emt 0:01:37]} 27. a4 {[%emt 0:00:55]} Nd5 {[%emt 0:01:14]} 28. Nd2 {[%emt 0:00:41]} Qd7 {[%emt 0:00:15]} 29. Nc4 {[%emt 0:00:28]} Re6 {[%emt 0:00:01]} 30. Qa2 {[%emt 0:00:35]} Kf8 {[%emt 0:00:15]} 31. Na5 {[%emt 0:00:11]} Ne7 {[%emt 0:00:01]} 32. Qc4 {[%emt 0:00:13]} Rd6 {[%emt 0:00:06]} 33. Nb3 {[%emt 0:01:38]} Rd8 {[%emt 0:00:29]} 34. Ra5 {[%emt 0:00:09]} Nc8 {[%emt 0:00:51]} 35. Ra6 {[%emt 0:00:28]} Ne7 {[%emt 0:00:12]} 36. Nc5 {[%emt 0:00:17]} Qf5 {[%emt 0:00:01]} 37. Rxa7 {[%emt 0:00:09]} Qd5 {[%emt 0:00:03]} 38. Qxd5 {[%emt 0:01:29]} Nxd5 {[%emt 0:00:04]} 39. Rb1 {[%emt 0:00:33]} Re8 {[%emt 0:00:07]} 40. Rbb7 {[%emt 0:00:17]} Re7 {[%emt 0:00:01]} 41. a5 {[%emt 0:00:12]} Rxb7 {[%emt 0:00:10]} 42. Rxb7 {[%emt 0:00:05]} Nc3 {[%emt 0:00:03]} 43. a6 {[%emt 0:00:08]} Nb5 {[%emt 0:00:02]} 44. Rxb5 {[%emt 0:00:10]} cxb5 {[%emt 0:00:00]} 45. a7 {[%emt 0:00:01]} Rd8 {[%emt 0:00:01]} 46. Ne6+ {[%emt 0:00:02]} 1-0

[Event "HUN-ch Rapid 2019"]
[Site "Ajka"]
[Date "2019.07.20"]
[Round "6.13"]
[White "Hoang, Thanh Trang"]
[Black "Nemeth, Zoltan"]
[Result "1-0"]
[WhiteElo "2414"]
[BlackElo "2275"]
[Annotator "NA"]
[PlyCount "87"]
[EventDate "2019.07.18"]
[EventType "swiss"]
[EventCountry "HUN"]
[SourceTitle "playchess.com"]
[Source "ChessBase"]
[SourceQuality "1"]
[TimeControl "1200+5"]

1. d4 {[%emt 0:00:02]} Nf6 {[%emt 0:00:01]} 2. Nf3 {[%emt 0:00:09]} b6 {[%emt 0:00:31]} 3. e3 {[%emt 0:00:46]} Bb7 {[%emt 0:00:02]} 4. Bd3 {[%emt 0:00:04]} d6 {[%emt 0:00:17]} 5. O-O {[%emt 0:00:22]} Nbd7 {[%emt 0:00:23]} 6. Re1 {[%emt 0:01:33]} e5 {[%emt 0:00:16]} 7. e4 {[%emt 0:00:06]} Be7 {[%emt 0:00:25]} 8. d5 {[%emt 0:00:39]} O-O {[%emt 0:00:10]} 9. c4 {[%emt 0:00:03]} a5 {[%emt 0:00:08]} 10. Nc3 {[%emt 0:00:11]} h6 {[%emt 0:00:52]} 11. Ne2 {[%emt 0:03:41]} Nh7 {[%emt 0:00:03]} 12. Ng3 {[%emt 0:00:11]} Bg5 {[%emt 0:00:26]} 13. Nxg5 {[%emt 0:00:20]} hxg5 {[%emt 0:00:47]} 14. Be2 {[%emt 0:00:13]} g6 {[%emt 0:00:21]} 15. Qc2 {[%emt 0:01:00]} Kg7 {[%emt 0:00:21]} 16. Be3 {[%emt 0:00:15]} Rh8 {[%emt 0:02:54]} 17. b3 {[%emt 0:00:08]} Qe7 {[%emt 0:00:01]} 18. a3 {[%emt 0:00:18]} Raf8 {[%emt 0:02:40]} 19. b4 {[%emt 0:00:17]} a4 {[%emt 0:00:00]} 20. Rac1 {[%emt 0:01:40]} Bc8 {[%emt 0:00:28]} 21. c5 {[%emt 0:00:27]} bxc5 {[%emt 0:00:54]} 22. bxc5 {[%emt 0:00:02]} Ndf6 {[%emt 0:00:02]} 23. Qxa4 {[%emt 0:00:35]} g4 {[%emt 0:00:19]} 24. Qa7 {[%emt 0:00:32]} Bd7 {[%emt 0:00:35]} 25. Qxc7 {[%emt 0:00:21]} Ne8 {[%emt 0:01:06]} 26. Qb7 {[%emt 0:01:17]} Qh4 {[%emt 0:00:11]} 27. Nf1 {[%emt 0:00:02]} g3 {[%emt 0:00:27]} 28. fxg3 {[%emt 0:00:13]} Qxe4 {[%emt 0:00:02]} 29. Qxd7 {[%emt 0:00:33]} Nhf6 {[%emt 0:00:36]} 30. Qc6 {[%emt 0:00:29]} Qf5 {[%emt 0:01:08]} 31. cxd6 {[%emt 0:00:11]} Ng4 {[%emt 0:01:32]} 32. Bxg4 {[%emt 0:00:28]} Qxg4 {[%emt 0:00:02]} 33. d7 {[%emt 0:00:07]} Nf6 {[%emt 0:00:02]} 34. Bc5 {[%emt 0:00:15]} Ra8 {[%emt 0:00:29]} 35. Rxe5 {[%emt 0:01:09]} Nxd7 {[%emt 0:00:06]} 36. Re7 {[%emt 0:01:45]} Nxc5 {[%emt 0:01:15]} 37. Qxc5 {[%emt 0:00:02]} Rac8 {[%emt 0:00:01]} 38. Qf2 {[%emt 0:00:40]} Rhf8 {[%emt 0:01:32]} 39. Rxc8 {[%emt 0:00:02]} Qxc8 {[%emt 0:00:01]} 40. d6 {[%emt 0:00:01]} Qc4 {[%emt 0:00:32]} 41. h4 {[%emt 0:00:28]} Qd5 {[%emt 0:00:11]} 42. Qb2+ {[%emt 0:00:10]} Kg8 {[%emt 0:00:01]} 43. Qf6 {[%emt 0:00:22]} Rd8 {[%emt 0:00:20]} 44. Rxf7 {[%emt 0:00:17]} 1-0

[Event "HUN-ch Rapid 2019"]
[Site "Ajka"]
[Date "2019.07.20"]
[Round "6.14"]
[White "Bodi, Tibor"]
[Black "Varga, Peter"]
[Result "1/2-1/2"]
[WhiteElo "2244"]
[BlackElo "2367"]
[Annotator "NA"]
[PlyCount "56"]
[EventDate "2019.07.18"]
[EventType "swiss"]
[EventCountry "HUN"]
[SourceTitle "playchess.com"]
[Source "ChessBase"]
[SourceQuality "1"]
[TimeControl "1200+5"]

1. Nf3 {[%emt 0:00:03]} d5 {[%emt 0:00:01]} 2. b3 {[%emt 0:00:02]} c6 {[%emt 0:00:03]} 3. Bb2 {[%emt 0:00:01]} Bg4 {[%emt 0:00:03]} 4. e3 {[%emt 0:00:02]} Nd7 {[%emt 0:00:01]} 5. d4 {[%emt 0:00:05]} e6 {[%emt 0:00:10]} 6. Be2 {[%emt 0:00:01]} Ngf6 {[%emt 0:00:03]} 7. O-O {[%emt 0:00:11]} Be7 {[%emt 0:00:21]} 8. Nbd2 {[%emt 0:00:05]} O-O {[%emt 0:00:02]} 9. Ne5 {[%emt 0:00:17]} Bxe2 {[%emt 0:00:08]} 10. Qxe2 {[%emt 0:00:02]} Nxe5 {[%emt 0:00:23]} 11. dxe5 {[%emt 0:00:02]} Nd7 {[%emt 0:00:01]} 12. c4 {[%emt 0:01:03]} f6 {[%emt 0:00:41]} 13. e4 {[%emt 0:04:34]} Nxe5 {[%emt 0:01:22]} 14. exd5 {[%emt 0:00:21]} exd5 {[%emt 0:00:02]} 15. Bxe5 {[%emt 0:00:20]} fxe5 {[%emt 0:00:02]} 16. Qxe5 {[%emt 0:00:04]} Bf6 {[%emt 0:00:44]} 17. Qe6+ {[%emt 0:00:01]} Rf7 {[%emt 0:00:35]} 18. Rad1 {[%emt 0:00:10]} Qd7 {[%emt 0:05:49]} 19. cxd5 {[%emt 0:00:12]} cxd5 {[%emt 0:00:01]} 20. Qxd7 {[%emt 0:00:41]} Rxd7 {[%emt 0:00:02]} 21. Ne4 {[%emt 0:00:22]} Rc8 {[%emt 0:01:41]} 22. Rd2 {[%emt 0:00:44]} Kf7 {[%emt 0:01:06]} 23. g3 {[%emt 0:00:57]} Ke6 {[%emt 0:01:26]} 24. Re1 {[%emt 0:00:47]} dxe4 {[%emt 0:01:15]} 25. Rxe4+ {[%emt 0:00:02]} Kf5 {[%emt 0:00:01]} 26. Rf4+ {[%emt 0:00:02]} Ke6 {[%emt 0:00:01]} 27. Re4+ {[%emt 0:00:02]} Kf5 {[%emt 0:00:01]} 28. Rf4+ {[%emt 0:00:01]} Ke5 1/2-1/2

[Event "HUN-ch Rapid 2019"]
[Site "Ajka"]
[Date "2019.07.20"]
[Round "6.15"]
[White "Hardicsay, Peter"]
[Black "Csonka, Balazs"]
[Result "1/2-1/2"]
[WhiteElo "2185"]
[BlackElo "2472"]
[Annotator "ChessBase"]
[PlyCount "44"]
[EventDate "2019.07.18"]
[EventType "swiss"]
[EventCountry "HUN"]
[SourceTitle "playchess.com"]
[Source "ChessBase"]
[SourceQuality "1"]
[TimeControl "1200+5"]

1. Nf3 {[%emt 0:00:01]} Nf6 {[%emt 0:00:03]} 2. c4 {[%emt 0:00:03]} e6 {[%emt 0:00:15]} 3. g3 {[%emt 0:00:15]} d5 {[%emt 0:00:43]} 4. Bg2 {[%emt 0:00:06]} Be7 {[%emt 0:00:08]} 5. O-O {[%emt 0:00:06]} O-O {[%emt 0:00:03]} 6. d4 {[%emt 0:00:55]} dxc4 {[%emt 0:00:32]} 7. Ne5 {[%emt 0:00:58]} Nc6 {[%emt 0:00:33]} 8. Nxc6 {[%emt 0:01:13]} bxc6 {[%emt 0:00:03]} 9. Bxc6 {[%emt 0:00:01]} Rb8 {[%emt 0:00:02]} 10. Nc3 {[%emt 0:00:12]} Bb7 {[%emt 0:00:24]} 11. Bxb7 {[%emt 0:02:48]} Rxb7 {[%emt 0:00:02]} 12. e4 {[%emt 0:00:16]} c5 {[%emt 0:00:21]} 13. d5 {[%emt 0:01:38]} Rd7 {[%emt 0:02:25]} 14. Qe2 {[%emt 0:00:57]} exd5 {[%emt 0:00:02]} 15. exd5 {[%emt 0:00:02]} Nxd5 {[%emt 0:00:03]} 16. Nxd5 {[%emt 0:00:25]} Rxd5 {[%emt 0:00:02]} 17. Qxc4 {[%emt 0:00:01]} Bf6 {[%emt 0:00:08]} 18. Rb1 {[%emt 0:00:51]} Bd4 {[%emt 0:00:56]} 19. b4 {[%emt 0:00:39]} cxb4 {[%emt 0:00:53]} 20. Rxb4 {[%emt 0:00:09]} Bb6 {[%emt 0:00:51]} 21. Rb3 {[%emt 0:03:02]} Rf5 {[%emt 0:01:49]} 22. Be3 {[%emt 0:00:19]} Bxe3 {[%emt 0:01:10]} 1/2-1/2